Airways Aero Associations Limited v Wycombe District Council (Record no. 113104)
[ view plain ]
| 000 -LEADER | |
|---|---|
| fixed length control field | 01549cad a22002175a 4500 |
| 001 - CONTROL NUMBER | |
| control field | L154685 |
| 008 - FIXED-LENGTH DATA ELEMENTS--GENERAL INFORMATION | |
| fixed length control field | 120112e20100709xxk f 000 0 eng d |
| 035 ## - SYSTEM CONTROL NUMBER | |
| System control number | (Sirsi) u154685 |
| 041 0# - LANGUAGE CODE | |
| Language code of text/sound track or separate title | eng |
| 245 00 - TITLE STATEMENT | |
| Title | Airways Aero Associations Limited v Wycombe District Council |
| Medium | [electronic resource] |
| 260 ## - PUBLICATION, DISTRIBUTION, ETC. | |
| Date of publication, distribution, etc. | 2010 |
| 520 ## - SUMMARY, ETC. | |
| Summary, etc. | [2010] EWHC 1654 (Ch), 9 July 2010. Claimant company A had leased a small civil airport from Defendant local authority W. The court was required to determine, as preliminary issues, matters arising from the operation of a rent review clause in a commercial lease. "Held": The court declined to make the declaration as to the construction of the lease sought by A. The starting point in considering a rent review clause in a commercial lease was an assumption that the rental value was to be that of the whole of the demised premises as they existed at the review date. On its proper construction this lease for a civil airport did not show with sufficient clarity any intention to depart from that position. For related proceedings see Airways Aero Associations Ltd v Wycombe District Council [2010]EWHC 1774 (Ch) (not on www.bailii.org). |
| 590 ## - LOCAL NOTE (RLIN) | |
| Local note | KA |
| 650 24 - SUBJECT ADDED ENTRY--TOPICAL TERM | |
| Topical term or geographic name entry element | AIRWAYS AERO ASSOCIATIONS LTD v WYCOMBE DC |
| 650 24 - SUBJECT ADDED ENTRY--TOPICAL TERM | |
| Topical term or geographic name entry element | PONSFORD V HMS AEROSOLS LTD |
| 651 #4 - SUBJECT ADDED ENTRY--GEOGRAPHIC NAME | |
| Geographic name | England and Wales |
| Chronological subdivision | 1543- |
| 690 ## - LOCAL SUBJECT ADDED ENTRY--TOPICAL TERM (OCLC, RLIN) | |
| Topical term or geographic name as entry element | Commercial property |
| 9 (RLIN) | 6227 |
| 690 ## - LOCAL SUBJECT ADDED ENTRY--TOPICAL TERM (OCLC, RLIN) | |
| Topical term or geographic name as entry element | Landlord and tenant |
| 9 (RLIN) | 6252 |
| 856 40 - ELECTRONIC LOCATION AND ACCESS | |
| Uniform Resource Identifier | <a href="https://www.bailii.org/ew/cases/EWHC/Ch/2010/1654.html">https://www.bailii.org/ew/cases/EWHC/Ch/2010/1654.html</a> |
| Public note | View the law report free of charge at www.bailii.org |
| 942 ## - ADDED ENTRY ELEMENTS (KOHA) | |
| Suppress in OPAC | 0 |
| Withdrawn status | Lost status | Source of classification or shelving scheme | Damaged status | Not for loan | Home library | Current library | Shelving location | Date acquired | Total Checkouts | Full call number | Barcode | Date last seen | Copy number | Price effective from | Koha item type |
|---|---|---|---|---|---|---|---|---|---|---|---|---|---|---|---|
| Dewey Decimal Classification | Virtual | Virtual | Online | 12/01/2012 | ONLINE PUBLICATION | 154685-2001 | 06/08/2019 | 1 | 06/08/2019 | Law report |